[Event "NZ Junior 2011"]
[Site "?"]
[Date "2011.07.26"]
[Round "1.1"]
[White "Dong, Olivia"]
[Black "Li, Luke"]
[Result "0-1"]
[WhiteElo "1167"]
[BlackElo "2223"]
[PlyCount "78"]
[EventDate "2011.07.29"]
[SourceDate "2011.07.29"]

1. d4 e6 2. e4 d5 3. e5 c5 4. c3 Nc6 5. Nf3 Qb6 6. g3 cxd4 7. cxd4 Nge7 8. Bg2
Nf5 9. O-O Nfxd4 10. Nxd4 Qxd4 11. Qxd4 Nxd4 12. Nc3 Bb4 13. Be3 Nc2 14. Rac1
Nxe3 15. fxe3 Bd7 16. Ne2 Bd2 17. Rcd1 Bxe3+ 18. Kh1 Bb5 19. Rfe1 Bf2 20. Nd4
Ba6 21. a3 Rc8 22. b3 O-O 23. a4 Rc3 24. b4 Rc4 25. b5 Bxe1 26. Rxe1 Rxd4 27.
bxa6 bxa6 28. Rb1 Rxa4 29. h4 a5 30. Rb7 Ra1+ 31. Kh2 a4 32. Rxa7 a3 33. Kh3 d4
34. Bf3 a2 35. Bb7 d3 36. Be4 d2 37. Bc2 Rh1+ 38. Kg2 a1=Q 39. Rd7 Qf1# 0-1

[Event "NZ Junior 2011"]
[Site "?"]
[Date "2011.07.26"]
[Round "1.3"]
[White "Fan, Allen"]
[Black "Huang, Alex"]
[Result "0-1"]
[WhiteElo "1153"]
[BlackElo "2028"]
[PlyCount "58"]
[EventDate "2011.07.29"]
[SourceDate "2011.07.29"]

1. e4 c5 2. Nf3 d6 3. d4 cxd4 4. Nxd4 Nf6 5. Nc3 g6 6. Bc4 Bg7 7. b3 O-O 8. f3
Nc6 9. Nxc6 bxc6 10. Bb2 Qa5 11. O-O Nxe4 12. fxe4 Bxc3 13. Bxc3 Qxc3 14. Rf3
Qe5 15. Qf1 Be6 16. Re1 Qc5+ 17. Kh1 Bxc4 18. Qxc4 Qxc4 19. bxc4 Rab8 20. Rb3
Rxb3 21. cxb3 Rb8 22. Kg1 a5 23. Kf2 a4 24. Re3 axb3 25. axb3 Kg7 26. Kf3 Kf6
27. Kf4 e5+ 28. Kg4 Ke6 29. Rd3 f5+ {White resigns} 0-1

[Event "NZ Junior 2011"]
[Site "?"]
[Date "2011.07.26"]
[Round "1.4"]
[White "Li, William"]
[Black "Jin, Kelvin"]
[Result "1-0"]
[WhiteElo "1975"]
[BlackElo "1091"]
[PlyCount "137"]
[EventDate "2011.07.29"]
[SourceDate "2011.07.29"]

1. e4 e5 2. Nf3 Nc6 3. Bb5 a6 4. Ba4 Nf6 5. O-O b5 6. Bb3 Be7 7. Re1 O-O 8. c3
d6 9. d4 h6 10. Nbd2 Re8 11. d5 Na5 12. Bc2 c6 13. b4 Nc4 14. Nxc4 bxc4 15.
dxc6 Qb6 16. Be3 Qc7 17. h3 Rd8 18. Ba4 Nxe4 19. Qc2 d5 20. Rad1 Bf6 21. Nd2
Nxd2 22. Qxd2 Bf5 23. f4 e4 24. Rc1 Rd6 25. Qf2 Rb8 26. Red1 h5 27. Bc5 Rxc6
28. Bxc6 Qxc6 29. Bd4 Be7 30. Qg3 Qg6 31. Qxg6 Bxg6 32. Be3 Rd8 33. a4 f6 34.
b5 axb5 35. axb5 Bf7 36. b6 Bd6 37. Rb1 Bb8 38. b7 Be8 39. Ra1 Bc6 40. Rdb1 Kh7
41. Ra8 g6 42. Ba7 Bxa7+ 43. Rxa7 Rb8 44. Ra8 Rxa8 45. bxa8=Q Bxa8 46. Ra1 Bc6
47. Ra6 Bb7 48. Ra7 Kh6 49. Rxb7 g5 50. fxg5+ Kxg5 51. Rd7 Kf4 52. Rxd5 f5 53.
Kf2 e3+ 54. Ke2 Ke4 55. Rd4+ Ke5 56. Kxe3 Kf6 57. Kf4 h4 58. Rxc4 Kf7 59. Kxf5
Ke7 60. Rxh4 Kd6 61. g4 Ke7 62. c4 Kf7 63. Rh7+ Ke8 64. Ke6 Kd8 65. c5 Kc8 66.
c6 Kd8 67. Kd6 Ke8 68. c7 Kf8 69. c8=Q# 1-0

[Event "NZ Junior 2011"]
[Site "?"]
[Date "2011.07.26"]
[Round "1.6"]
[White "Jia, Hao"]
[Black "Chen, Catherin"]
[Result "1-0"]
[WhiteElo "1781"]
[BlackElo "1077"]
[PlyCount "83"]
[EventDate "2011.07.29"]
[SourceDate "2011.07.29"]

1. e4 e5 2. Nf3 Nc6 3. Bc4 Bc5 4. c3 Bb6 5. d4 Nf6 6. d5 Nxe4 7. O-O Na5 8. Bd3
Nf6 9. Re1 d6 10. b4 Ng4 11. Re2 Nc4 12. Bxc4 O-O 13. Be3 Nf6 14. Bxb6 axb6 15.
Nbd2 Bg4 16. h3 Bh5 17. Re3 Re8 18. Qc1 c6 19. dxc6 bxc6 20. Bb3 Nd5 21. Bxd5
cxd5 22. Nb3 Qf6 23. Qd2 e4 24. Nfd4 Rac8 25. a4 Ra8 26. Nb5 Rab8 27. Qxd5 Bg6
28. Qxd6 Qg5 29. Qd2 Bf5 30. N5d4 Red8 31. Rg3 Qf6 32. Qg5 Qxg5 33. Rxg5 Bg6
34. Nc6 Rdc8 35. Nxb8 Rxb8 36. Rb5 f6 37. a5 Be8 38. Rxb6 Ra8 39. a6 Bf7 40. a7
Bxb3 41. Rb8+ Rxb8 42. axb8=Q+ {Black resigns} 1-0

[Event "NZ Junior 2011"]
[Site "?"]
[Date "2011.07.26"]
[Round "1.7"]
[White "Jiang, Rocky"]
[Black "Zhang, William"]
[Result "0-1"]
[WhiteElo "1070"]
[BlackElo "1667"]
[PlyCount "80"]
[EventDate "2011.07.29"]
[SourceDate "2011.07.29"]

1. e4 c5 2. Nc3 Nc6 3. g3 g6 4. Bg2 Bg7 5. f4 d6 6. Nf3 e6 7. O-O Nge7 8. h3
O-O 9. d3 e5 10. fxe5 Nxe5 11. Nxe5 dxe5 12. Ne2 Be6 13. c3 Qd7 14. Be3 Rac8
15. g4 Rfd8 16. Nc1 b6 17. Qd2 Rc6 18. Rd1 Rd6 19. Bf1 Bc4 20. Bh6 Ba6 21. Bxg7
Kxg7 22. c4 Bxc4 23. Qc3 Qe6 24. Nb3 Ba6 25. Rd2 Nc6 26. Rad1 Nd4 27. Nxd4 Rxd4
28. a3 Qd6 29. Qb3 c4 30. Qa4 c3 31. Qxa6 cxd2 32. Rxd2 Rd7 33. b4 Rxe4 34.
dxe4 Qxd2 35. Qc8 Qe3+ 36. Kg2 Qxe4+ 37. Kg1 Qe3+ 38. Kh2 Qf2+ 39. Kh1 Rd2 40.
Bg2 Qxg2# 0-1

[Event "NZ Junior 2011"]
[Site "?"]
[Date "2011.07.26"]
[Round "1.8"]
[White "Li, Jiapeng"]
[Black "Lin, Anna"]
[Result "1-0"]
[WhiteElo "1662"]
[BlackElo "1001"]
[PlyCount "161"]
[EventDate "2011.07.29"]
[SourceDate "2011.07.29"]

1. e4 e6 2. d4 d5 3. exd5 exd5 4. h3 c5 5. Qe2+ Be6 6. Qb5+ Nc6 7. dxc5 Qd7 8.
b4 a5 9. c3 d4 10. Bb2 dxc3 11. Bxc3 axb4 12. Bxb4 Bxa2 13. Bc4 Rd8 14. Nc3
Qd2+ 15. Kf1 Bxc4+ 16. Qxc4 Be7 17. Nge2 Nf6 18. Kg1 Nxb4 19. Qxb4 O-O 20. Kh2
Nd7 21. Rhd1 Bxc5 22. Qxb7 Qg5 23. Rxd7 Qe5+ 24. Kg1 Rxd7 25. Qxd7 Bd6 26. g3
Bc5 27. Rf1 h6 28. Qd5 Qe7 29. Qe4 Qf6 30. Qf4 Qg6 31. Qe4 Qf6 32. Qf4 Qa6 33.
Qg4 Qf6 34. Qh4 Qg6 35. Qg4 Qf6 36. Ne4 Qc6 37. Rc1 Bxf2+ 38. Nxf2 Qb6 39. Qd4
Qa5 40. Qc3 Qa2 41. Qc2 Qa7 42. Nf4 Qa8 43. N4d3 Qb8 44. Qc7 Qb5 45. Qc6 Qb8
46. Qc7 Qb5 47. Qc6 Qb8 48. Kh2 Qa7 49. Qc5 Qa2 50. Qc2 Qd5 51. Qc6 Qa2 52. Qc2
Qa7 53. Qc3 Qa2 54. Qc4 Qa3 55. Qc5 Qa2 56. Qc7 Qa3 57. Re1 Qb3 58. Qd7 Qa2 59.
Re8 Qa3 60. Qe7 Qxe7 61. Rxe7 Rc8 62. Ne5 Rc2 63. Kg2 Re2 64. Kf3 Rc2 65. Rxf7
Rc3+ 66. Kg2 Re3 67. Re7 Re2 68. Kf3 Re1 69. Re8+ Kh7 70. Nfd3 Rf1+ 71. Kg2 Rf6
72. h4 Rb6 73. Kh3 h5 74. Nf4 g6 75. Nfxg6 Rxg6 76. Nxg6 Kxg6 77. Re5 Kh6 78.
g4 hxg4+ 79. Kxg4 Kg6 80. h5+ Kf6 81. Rg5 {Black resigns} 1-0

[Event "NZ Junior 2011"]
[Site "?"]
[Date "2011.07.26"]
[Round "1.9"]
[White "Qian, Bella"]
[Black "Zhu, Leo"]
[Result "0-1"]
[WhiteElo "973"]
[BlackElo "1625"]
[PlyCount "120"]
[EventDate "2011.07.29"]
[SourceDate "2011.07.29"]

1. e4 c5 2. Nf3 e6 3. d4 cxd4 4. Nxd4 a6 5. Nc3 Qc7 6. Be3 Nf6 7. f3 Nc6 8. Nb3
b5 9. Bd3 Bb7 10. Qd2 Ne5 11. O-O-O d6 12. f4 Nxd3+ 13. Qxd3 b4 14. Nb1 Bxe4
15. Qd2 Rc8 16. c3 Bxb1 17. Kxb1 bxc3 18. Qxc3 Qxc3 19. bxc3 Nd5 20. Rd3 Nxc3+
21. Ka1 Ne4 22. Rf1 d5 23. f5 Bd6 24. g3 Ke7 25. fxe6 fxe6 26. Bd4 e5 27. Bb2
d4 28. Re1 Rhf8 29. Rxe4 Rf1+ 30. Nc1 Rcxc1+ 31. Bxc1 Rxc1+ 32. Kb2 Rc4 33. h4
Ke6 34. Kb3 Rb4+ 35. Kc2 Kf5 36. Re2 e4 37. Rf2+ Ke6 38. Rb3 Rxb3 39. axb3 Bxg3
40. Rg2 Be5 41. b4 d3+ 42. Kd2 Bd4 43. Rg5 Bf6 44. Ra5 Bxh4 45. Rxa6+ Kf5 46.
b5 Bg5+ 47. Ke1 e3 48. b6 Bh4+ 49. Kd1 e2+ 50. Kd2 e1=Q+ 51. Kxd3 Qf1+ 52. Kd4
Qxa6 53. Ke3 Bg5+ 54. Kd4 Qxb6+ 55. Kd3 Qe3+ 56. Kc4 Be7 57. Kd5 Qd3+ 58. Kc6
Qd6+ 59. Kb5 Qc5+ 60. Ka4 Qb4# 0-1

[Event "NZ Junior 2011"]
[Site "?"]
[Date "2011.07.26"]
[Round "1.10"]
[White "Ang, Alphaeus"]
[Black "Yan, Caroline"]
[Result "1-0"]
[WhiteElo "1613"]
[BlackElo "957"]
[PlyCount "111"]
[EventDate "2011.07.29"]
[SourceDate "2011.07.29"]

1. d4 d5 2. Nc3 Nf6 3. Bf4 Nc6 4. Nb5 Rb8 5. Bxc7 Qd7 6. Bxb8 e6 7. Bg3 Na5 8.
Nc7+ Kd8 9. a3 Nc4 10. Rb1 Bd6 11. Bxd6 Nxd6 12. Nxe6+ Qxe6 13. e3 Ke8 14. Nf3
Nde4 15. Bd3 Qd6 16. Ne5 Bf5 17. Bb5+ Kf8 18. h3 a6 19. Bd3 h5 20. Bxe4 Bxe4
21. f3 Bf5 22. Qd2 Rh6 23. Qb4 Qxb4+ 24. axb4 Bxc2 25. Rc1 Bf5 26. Rc7 Be6 27.
Rxb7 Ne8 28. Ra7 f6 29. Nd7+ Bxd7 30. Rxd7 Rg6 31. Kf2 f5 32. Rxd5 Nf6 33. Rxf5
Ke7 34. Rc1 Ke6 35. e4 Kd7 36. Rcc5 h4 37. Rg5 Rxg5 38. Rxg5 Ne8 39. Rg6 Kc7
40. Rxa6 g5 41. Rg6 Nd6 42. Rxd6 Kxd6 43. Ke3 Kd7 44. Kd3 Kd6 45. Kc4 Kd7 46.
Kc5 Kc7 47. b5 Kb7 48. e5 Kc7 49. e6 Kd8 50. Kd6 Ke8 51. e7 g4 52. fxg4 Kf7 53.
Kd7 Kg6 54. e8=Q+ Kg5 55. Qe6 Kf4 56. Qe5# 1-0

[Event "NZ Junior 2011"]
[Site "?"]
[Date "2011.07.26"]
[Round "1.11"]
[White "Yan, Sarah"]
[Black "Lam, Byron"]
[Result "0-1"]
[WhiteElo "920"]
[BlackElo "1582"]
[PlyCount "64"]
[EventDate "2011.07.29"]
[SourceDate "2011.07.29"]

1. e4 c5 2. Nf3 d6 3. Nc3 Nf6 4. d3 g6 5. Bg5 Bg7 6. Be2 O-O 7. O-O Nc6 8. Re1
Be6 9. h3 Rc8 10. Bxf6 Bxf6 11. Qd2 Nd4 12. Rac1 Qb6 13. b3 Qb4 14. Nb1 Nxf3+
15. Bxf3 Qxd2 16. Nxd2 b5 17. a4 bxa4 18. bxa4 Rb8 19. c3 Rb2 20. Red1 Rfb8 21.
Kf1 Bg5 22. Ke1 Ra2 23. Ra1 Bxd2+ 24. Ke2 Bxc3+ 25. Rxa2 Bxa2 26. Rc1 Rb2+ 27.
Ke3 Bd2+ 28. Ke2 Bxc1+ 29. Ke1 Bb3 30. Bd1 c4 31. dxc4 Bxc4 32. g4 Bd2# 0-1

[Event "NZ Junior 2011"]
[Site "?"]
[Date "2011.07.26"]
[Round "1.14"]
[White "Kong-Lim, Qi Le"]
[Black "Lim, Arvin"]
[Result "1-0"]
[WhiteElo "1535"]
[BlackElo "874"]
[PlyCount "115"]
[EventDate "2011.07.29"]
[SourceDate "2011.07.29"]

1. e4 e6 2. d4 d5 3. e5 c5 4. c3 Nc6 5. f4 c4 6. Nf3 Nge7 7. Nbd2 g6 8. b3 b5
9. b4 Bg7 10. a4 Ba6 11. Ng5 h6 12. Ngf3 O-O 13. Nb1 Rb8 14. Be2 Nf5 15. O-O
Qe7 16. Bd2 bxa4 17. Qxa4 Bb5 18. Qa2 Ra8 19. Na3 a6 20. Qb1 Rfb8 21. Qe1 a5
22. Nxb5 Rxb5 23. g4 Nfxd4 24. Nxd4 Nxd4 25. cxd4 a4 26. Bc3 Qa7 27. Bb2 Rab8
28. Ba3 Qc7 29. Qc3 Bf8 30. Rfb1 Qb7 31. Bd1 Qa7 32. Bc2 Be7 33. Rb2 f5 34.
gxf5 gxf5 35. Qg3+ Kf7 36. Rab1 Qxd4+ 37. Qf2 Qxf2+ 38. Kxf2 Ra8 39. Bd1 d4 40.
Rc2 c3 41. Be2 Rd5 42. Rd1 Rb8 43. Bc4 Rdd8 44. Bd3 Bxb4 45. Bxb4 Rxb4 46. Bxf5
exf5 47. Rxc3 dxc3 48. Rxd8 c2 49. Rd7+ Kf8 50. Rc7 Rb2 51. Kg3 a3 52. e6 a2
53. Rc8+ Ke7 54. Rc7+ Kd6 55. e7 a1=Q 56. e8=Q c1=Q 57. Qe7+ Kd5 58. Qe5# 1-0

[Event "NZ Junior 2011"]
[Site "?"]
[Date "2011.07.26"]
[Round "1.16"]
[White "Timergazi, Layla"]
[Black "Gong, Daniel"]
[Result "0-1"]
[WhiteElo "1514"]
[BlackElo "817"]
[PlyCount "64"]
[EventDate "2011.07.29"]
[SourceDate "2011.07.29"]

1. d4 d5 2. c4 dxc4 3. e3 e6 4. Bxc4 Bb4+ 5. Bd2 Bxd2+ 6. Nxd2 Ne7 7. Ngf3 O-O
8. O-O Nbc6 9. Qc2 Kh8 10. Rfd1 b6 11. Ng5 Ng6 12. Bb5 Nxd4 13. Nde4 Nxc2 14.
Nxf7+ Kg8 15. Nxd8 Nxa1 16. Bc4 Kh8 17. Nxe6 Bxe6 18. Bxe6 Rae8 19. Ng5 h6 20.
Nf7+ Kh7 21. Rxa1 Rxe6 22. Ng5+ hxg5 23. g3 Rd8 24. Rc1 c5 25. a3 Red6 26. Rc3
Nh4 27. gxh4 gxh4 28. Kg2 Rg6+ 29. Kh3 Kg8 30. f4 Re8 31. Kxh4 Kf7 32. f5 Rh8#
0-1

[Event "NZ Junior 2011"]
[Site "?"]
[Date "2011.07.26"]
[Round "1.17"]
[White "Simmons, Joshua"]
[Black "Chen, Johnson"]
[Result "0-1"]
[WhiteElo "808"]
[BlackElo "1511"]
[PlyCount "50"]
[EventDate "2011.07.29"]
[SourceDate "2011.07.29"]

1. e4 e5 2. Nf3 Nc6 3. c4 Nf6 4. Nc3 Bc5 5. d3 d6 6. Nd5 Nxd5 7. cxd5 Nd4 8.
Ng5 h6 9. Nf3 Bg4 10. h3 Bxf3 11. gxf3 Qf6 12. Bg2 O-O-O 13. a3 Qh4 14. O-O
Rhf8 15. Bd2 f5 16. Bb4 Bb6 17. Rc1 Kb8 18. Bc3 fxe4 19. dxe4 Nb5 20. Qe2 a6
21. a4 Nxc3 22. Rxc3 Rf6 23. Rb3 Rg6 24. a5 Qxh3 25. axb6 {(=)} Qxg2# 0-1

[Event "NZ Junior 2011"]
[Site "?"]
[Date "2011.07.26"]
[Round "1.19"]
[White "Li, Rodney"]
[Black "Wang, George"]
[Result "0-1"]
[WhiteElo "790"]
[BlackElo "1485"]
[PlyCount "46"]
[EventDate "2011.07.29"]
[SourceDate "2011.07.29"]

1. e4 c5 2. Nf3 d6 3. d4 cxd4 4. Nxd4 g6 5. Nc3 Nf6 6. Bc4 Bg7 7. O-O O-O 8.
Be3 Bd7 9. Re1 Nc6 10. Nxc6 Bxc6 11. Bd5 Nxd5 12. exd5 Bd7 13. Bd4 Bxd4 14.
Qxd4 Re8 15. Re4 Bf5 16. Rh4 h5 17. Ne4 e5 18. Rxh5 exd4 19. Rxf5 gxf5 20. Ng3
Qg5 21. Rd1 Re7 22. h3 Rae8 23. Rxd4 Re4 {White resigns} 0-1

[Event "NZ Junior 2011"]
[Site "?"]
[Date "2011.07.26"]
[Round "1.20"]
[White "Fan, Cathy"]
[Black "Zhang, Jasmine"]
[Result "1-0"]
[WhiteElo "1334"]
[BlackElo "712"]
[PlyCount "95"]
[EventDate "2011.07.29"]
[SourceDate "2011.07.29"]

1. e4 e5 2. Nf3 Nc6 3. d4 exd4 4. Nxd4 Nxd4 5. Qxd4 c6 6. Nc3 d6 7. Bc4 Ne7 8.
Bf4 Ng6 9. Bg3 Be6 10. Bxe6 fxe6 11. O-O-O d5 12. exd5 cxd5 13. Rhe1 Qd7 14.
Qe3 Bb4 15. Qxe6+ Qxe6 16. Rxe6+ Ne7 17. Nxd5 Bc5 18. Nxe7 Bxe7 19. Bh4 O-O 20.
Rxe7 Rab8 21. f3 Rf5 22. Bg3 Rc8 23. Rxb7 Rfc5 24. c3 R5c6 25. Rxa7 g6 26. Rdd7
h5 27. Rg7+ Kf8 28. Rgc7 R6xc7 29. Rxc7 Rd8 30. a4 Rd5 31. b4 Rf5 32. Rc5 Ke7
33. Rxf5 gxf5 34. c4 Kd7 35. b5 Kc8 36. a5 Kb7 37. c5 f4 38. Bxf4 h4 39. c6+
Kc8 40. b6 Kd8 41. a6 Kc8 42. b7+ Kd8 43. c7+ Kd7 44. c8=Q+ Ke7 45. b8=R Kf6
46. Qc6+ Kf5 47. Rb5+ Kxf4 48. Qe4# 1-0

[Event "NZ Junior 2011"]
[Site "?"]
[Date "2011.07.26"]
[Round "1.21"]
[White "Li, Leo"]
[Black "Geng, Karen"]
[Result "0-1"]
[WhiteElo "673"]
[BlackElo "1279"]
[PlyCount "48"]
[EventDate "2011.07.29"]
[SourceDate "2011.07.29"]

1. e4 d5 2. Nc3 Nf6 3. e5 Ng4 4. Nh3 Nxe5 5. Bb5+ Nbc6 6. d4 Ng6 7. Ng5 Bf5 8.
Qf3 e6 9. g4 Nh4 10. Bxc6+ bxc6 11. Qh3 Be4 12. Ncxe4 dxe4 13. Qxh4 Be7 14. Qh5
Bxg5 15. Bxg5 Qd5 16. c3 e3 17. fxe3 Qxh1+ 18. Ke2 Qxa1 19. Bh4 Qxb2+ 20. Kd3
Qb5+ 21. Kc2 Qxh5 22. gxh5 Rb8 23. e4 f5 24. e5 Rf8 {White resigns} 0-1

[Event "NZ Junior 2011"]
[Site "?"]
[Date "2011.07.26"]
[Round "1.22"]
[White "Qin, Joy"]
[Black "Wang, Aaron"]
[Result "1-0"]
[WhiteElo "1251"]
[BlackElo "547"]
[PlyCount "37"]
[EventDate "2011.07.29"]
[SourceDate "2011.07.29"]

1. e4 e5 2. Nf3 Nc6 3. Bb5 a6 4. Ba4 b5 5. Bb3 Bc5 6. c3 Nf6 7. d4 Bd6 8. O-O
O-O 9. Re1 exd4 10. cxd4 h6 11. e5 Bb4 12. Bd2 Bxd2 13. Qxd2 Ng4 14. h3 Nxf2
15. Qxf2 Re8 16. Nh4 Na5 17. Qxf7+ Kh8 18. Nf5 Rf8 19. Qxg7# 1-0

[Event "NZ Junior 2011"]
[Site "?"]
[Date "2011.07.26"]
[Round "1.23"]
[White "Qin, Nicole"]
[Black "Zhu, Martin"]
[Result "0-1"]
[WhiteElo "544"]
[BlackElo "1173"]
[PlyCount "102"]
[EventDate "2011.07.29"]
[SourceDate "2011.07.29"]

1. e4 c5 2. Nf3 Nc6 3. Bc4 e6 4. O-O a6 5. a3 Bd6 6. d3 Bc7 7. Nc3 b5 8. Ba2
Bb7 9. b3 Nge7 10. Bb2 O-O 11. Qd2 d6 12. Ne2 f6 13. b4 Qd7 14. bxc5 dxc5 15.
Nf4 Nd8 16. c4 bxc4 17. Bxc4 Kh8 18. Rfe1 e5 19. Ne2 Ndc6 20. Rab1 Rab8 21. Qe3
Nd4 22. Bxd4 cxd4 23. Qd2 Nc6 24. Ng3 Ba5 25. Qe2 Bxe1 26. Rxe1 Na5 27. Nh4
Nxc4 28. dxc4 Bc8 29. Nhf5 g6 30. Nh4 Qf7 31. c5 Rb5 32. Rc1 Bb7 33. a4 Ra5 34.
Qc2 Rc8 35. Qc4 Qxc4 36. Rxc4 Raxc5 37. Rxc5 Rxc5 38. f3 d3 39. Nf1 Rc1 40. Kf2
Bc6 41. a5 Ra1 42. Ne3 Rxa5 43. Ke1 Ra2 44. Kd1 a5 45. Kc1 a4 46. Kb1 Re2 47.
Nc4 a3 48. Nxa3 d2 49. Kc2 Ba4+ 50. Kb2 d1=Q+ 51. Kc3 Qb3# 0-1

[Event "NZ Junior 2011"]
[Site "?"]
[Date "2011.07.26"]
[Round "2.1"]
[White "Li, Luke"]
[Black "Fan, Cathy"]
[Result "1-0"]
[WhiteElo "2223"]
[BlackElo "1334"]
[PlyCount "87"]
[EventDate "2011.07.29"]
[SourceDate "2011.07.29"]

1. d4 c5 2. d5 d6 3. c4 e5 4. e4 g6 5. Nc3 Bg7 6. h4 Nf6 7. Be2 a6 8. Bg5 Nbd7
9. Qd2 O-O 10. h5 Qe8 11. Bh6 Kh8 12. g4 Ng8 13. Be3 Ndf6 14. h6 Bxg4 15. hxg7+
Kxg7 16. Bh6+ Nxh6 17. Qxh6+ Kh8 18. Bxg4 Rg8 19. Be2 Qf8 20. Qh4 Qe7 21. Nf3
Rg7 22. O-O-O Re8 23. Ng5 Rb8 24. Rh2 Qf8 25. Rdh1 Qg8 26. Ne6 fxe6 27. Qxf6
Rf8 28. Rxh7+ Qxh7 29. Qxf8+ Rg8 30. Rxh7+ Kxh7 31. Qxd6 exd5 32. cxd5 Rg7 33.
Bxa6 bxa6 34. Qxa6 Rf7 35. Qd6 Rxf2 36. Qxc5 Rf6 37. Qe7+ Kh6 38. Qxf6 Kh7 39.
Qxe5 g5 40. Qxg5 Kh8 41. d6 Kh7 42. d7 Kh8 43. Nd5 Kh7 44. Nf6+ {Black resigns}
1-0

[Event "NZ Junior 2011"]
[Site "?"]
[Date "2011.07.26"]
[Round "2.2"]
[White "Geng, Karen"]
[Black "Gao, Hans"]
[Result "0-1"]
[WhiteElo "1279"]
[BlackElo "2124"]
[PlyCount "52"]
[EventDate "2011.07.29"]
[SourceDate "2011.07.29"]

1. d4 Nf6 2. Nf3 g6 3. Bf4 Bg7 4. e3 O-O 5. Nbd2 d5 6. Ne5 b6 7. Ndf3 Bb7 8. c3
c5 9. Bd3 Nc6 10. Qc2 Nd7 11. O-O-O Ndxe5 12. Nxe5 f6 13. Nf3 Qe8 14. h4 e5 15.
dxe5 fxe5 16. Bxe5 Nxe5 17. Nxe5 Qxe5 18. g4 c4 19. Bxg6 hxg6 20. Qxg6 Qf6 21.
Qb1 Qxf2 22. Rde1 d4 23. e4 Qf4+ 24. Kd1 Qxg4+ 25. Kc1 Bh6+ 26. Kc2 d3# 0-1

[Event "NZ Junior 2011"]
[Site "?"]
[Date "2011.07.26"]
[Round "2.3"]
[White "Huang, Alex"]
[Black "Zhu, Karl"]
[Result "1-0"]
[WhiteElo "2028"]
[BlackElo "1488"]
[PlyCount "111"]
[EventDate "2011.07.29"]
[SourceDate "2011.07.29"]

1. e4 c5 2. Nf3 e6 3. Nc3 Nc6 4. Bb5 a6 5. Bxc6 bxc6 6. O-O Qc7 7. Re1 Nf6 8.
d3 d6 9. Bg5 Be7 10. e5 Nd5 11. Bxe7 Qxe7 12. exd6 Qxd6 13. Ne4 Qe7 14. c4 Nf6
15. Qa4 Bd7 16. Nxf6+ Qxf6 17. Ne5 Ke7 18. Qa3 Rhc8 19. Qxc5+ Ke8 20. Qd6 Qe7
21. Qxe7+ Kxe7 22. c5 Rab8 23. Nc4 Rc7 24. Rab1 f6 25. b4 Kf7 26. f4 Kg6 27. g3
h6 28. Rb3 Kh5 29. Nb6 Be8 30. Ra3 Rd8 31. Rxe6 Bf7 32. Re4 f5 33. Re5 Kg4 34.
Kg2 g5 35. h3+ Kh5 36. fxg5 hxg5 37. Rxf5 Bg6 38. g4+ Kh6 39. Rf6 Kg7 40. Rd6
Rxd6 41. cxd6 Rf7 42. Nc4 Rd7 43. Ne5 Rxd6 44. Nxg6 Kxg6 45. Rxa6 Rxd3 46.
Rxc6+ Kf7 47. a4 Rd4 48. Rb6 Ke7 49. a5 Kd7 50. b5 Rd5 51. a6 Kc7 52. Rb7+ Kc8
53. b6 Ra5 54. Rc7+ Kb8 55. a7+ Ka8 56. Rc8+ {Black resigns} 1-0

[Event "NZ Junior 2011"]
[Site "?"]
[Date "2011.07.26"]
[Round "2.4"]
[White "Wang, George"]
[Black "Li, William"]
[Result "0-1"]
[WhiteElo "1485"]
[BlackElo "1975"]
[PlyCount "134"]
[EventDate "2011.07.29"]
[SourceDate "2011.07.29"]

1. e4 c5 2. Nf3 d6 3. d4 cxd4 4. Nxd4 Nf6 5. Nc3 a6 6. Bg5 e6 7. Bd3 Nbd7 8.
Bc4 Ne5 9. Bb3 Be7 10. f4 Nc6 11. Nxc6 bxc6 12. e5 Nd5 13. Bxe7 Qxe7 14. exd6
Qxd6 15. Ne2 Qc5 16. Qd4 Qxd4 17. Nxd4 Nxf4 18. O-O Ng6 19. Nxc6 Bb7 20. Nd4
O-O 21. Nf3 Rad8 22. Rad1 h6 23. c3 Ne7 24. c4 Nf5 25. Rfe1 Bxf3 26. gxf3 Nd4
27. Re3 Nxb3 28. Rxd8 Rxd8 29. Rxb3 Rc8 30. Rc3 Kf8 31. b3 Ke7 32. Rd3 f5 33.
Kf2 g5 34. Kg3 e5 35. h4 Ke6 36. Rc3 f4+ 37. Kg4 Rg8 38. h5 Rd8 39. b4 Rd1 40.
Kh3 Rd4 41. Ra3 Rd6 42. b5 axb5 43. cxb5 Kd5 44. Rd3+ Kc5 45. Rxd6 Kxd6 46. Kg4
Kc5 47. Kf5 Kxb5 48. Kxe5 Ka4 49. Kf5 Ka3 50. Kg6 g4 51. fxg4 f3 52. Kxh6 f2
53. Kg6 f1=Q 54. h6 Qd3+ 55. Kg7 Qd7+ 56. Kg6 Qxg4+ 57. Kf6 Qg8 58. Kf5 Kxa2
59. Kf6 Kb3 60. Kf5 Kc3 61. Kf6 Kd3 62. Kf5 Ke3 63. Kf6 Kf3 64. Kf5 Kg3 65. Kf6
Kh4 66. Kf5 Kh5 67. Kf6 Kxh6 {White resigns} 0-1

[Event "NZ Junior 2011"]
[Site "?"]
[Date "2011.07.26"]
[Round "2.5"]
[White "Chen, Johnson"]
[Black "James, Jack"]
[Result "0-1"]
[WhiteElo "1511"]
[BlackElo "1784"]
[PlyCount "100"]
[EventDate "2011.07.29"]
[SourceDate "2011.07.29"]

1. e4 e5 2. Nf3 Nc6 3. Bb5 a6 4. Ba4 Nf6 5. O-O b5 6. Bb3 h6 7. Re1 Bb7 8. c3
d6 9. Bc2 Be7 10. d4 O-O 11. Nbd2 Re8 12. Nf1 Bf8 13. Ng3 Qd7 14. h3 Rad8 15.
b3 Nb8 16. Bb2 c5 17. d5 Qc7 18. Nd2 Nbd7 19. Nf5 g6 20. Ng3 Bg7 21. Qf3 Nh7
22. Qe3 Rf8 23. c4 b4 24. Nf3 f6 25. Nh4 g5 26. Nhf5 Bc8 27. Ne7+ Kf7 28. Ngf5
Rde8 29. Qf3 Rxe7 30. Qh5+ Kg8 31. Nxe7+ Kh8 32. Ng6+ Kg8 33. Nxf8 Ndxf8 34.
Qe8 f5 35. Qh5 g4 36. hxg4 Nf6 37. Qh3 fxg4 38. Qe3 Qf7 39. Bd1 Qg6 40. f3 g3
41. Kf1 h5 42. Ke2 Bh6 43. Qg1 Nxe4 44. Kf1 Nd2+ 45. Ke2 Bf5 46. Bc2 Bxc2 47.
Rec1 Qd3+ 48. Ke1 Nxf3+ 49. gxf3 Qd2+ 50. Kf1 Bd3# 0-1

[Event "NZ Junior 2011"]
[Site "?"]
[Date "2011.07.26"]
[Round "2.6"]
[White "Zhan, Judd"]
[Black "Jia, Hao"]
[Result "1/2-1/2"]
[WhiteElo "1533"]
[BlackElo "1781"]
[PlyCount "59"]
[EventDate "2011.07.29"]
[SourceDate "2011.07.29"]

1. e4 c5 2. Nf3 Nc6 3. Nc3 d6 4. b3 g6 5. Bb2 Bg7 6. Bc4 Nf6 7. O-O O-O 8. Re1
a6 9. a4 b6 10. Nd5 Nxd5 11. Bxg7 Kxg7 12. Bxd5 Bb7 13. Qe2 e6 14. Bc4 Nb4 15.
Rac1 d5 16. exd5 Bxd5 17. Bxd5 Qxd5 18. Qe5+ Qxe5 19. Nxe5 Rfd8 20. Nf3 Rd6 21.
Red1 Rad8 22. h3 Nc6 23. c3 Na5 24. Rb1 Nc6 25. Rbc1 e5 26. Re1 f6 27. Rc2 Na5
28. Rb2 b5 29. axb5 axb5 30. Re4 {Draw agreed} 1/2-1/2

[Event "NZ Junior 2011"]
[Site "?"]
[Date "2011.07.26"]
[Round "2.7"]
[White "Zhang, William"]
[Black "Kong-Lim, Qi Le"]
[Result "0-1"]
[WhiteElo "1667"]
[BlackElo "1535"]
[PlyCount "90"]
[EventDate "2011.07.29"]
[SourceDate "2011.07.29"]

1. d4 e6 2. e4 d5 3. exd5 exd5 4. Bd3 Bd6 5. c3 Ne7 6. Nf3 Bf5 7. O-O O-O 8.
Re1 Bxd3 9. Qxd3 Ng6 10. Qf5 Qd7 11. Qxd7 Nxd7 12. Bg5 Rfe8 13. Nbd2 f6 14. Bh4
c5 15. Bg3 Bxg3 16. fxg3 b6 17. Kf2 Kf7 18. Nf1 Rad8 19. Ne3 Nb8 20. Nf5 Kf8
21. Rxe8+ Rxe8 22. Ne3 Ne7 23. a4 a5 24. Re1 Nbc6 25. Nc2 Nf5 26. Rxe8+ Kxe8
27. g4 Nd6 28. Ne3 Ne4+ 29. Ke2 Ne7 30. Nf5 Nxf5 31. gxf5 c4 32. Ke3 Kd7 33. g4
Kc6 34. h4 h6 35. Nd2 Nxd2 36. Kxd2 b5 37. axb5+ Kxb5 38. Ke3 Ka4 39. Kd2 Kb3
40. Kc1 a4 41. Kb1 a3 42. bxa3 Kxa3 43. Kc2 Ka2 44. Kc1 Kb3 45. Kd2 Kb2 {
White resigns} 0-1

[Event "NZ Junior 2011"]
[Site "?"]
[Date "2011.07.26"]
[Round "2.8"]
[White "Zhang, Leo"]
[Black "Li, Jiapeng"]
[Result "1-0"]
[WhiteElo "1554"]
[BlackElo "1662"]
[PlyCount "93"]
[EventDate "2011.07.29"]
[SourceDate "2011.07.29"]

1. e4 e5 2. Nf3 Nc6 3. Bc4 h6 4. O-O Bc5 5. c3 d6 6. d4 exd4 7. cxd4 Bb6 8. h3
Nf6 9. Nc3 O-O 10. e5 dxe5 11. dxe5 Qxd1 12. Rxd1 Nh7 13. Nd5 Re8 14. Nxb6 cxb6
15. Bf4 Bf5 16. Bb5 Red8 17. Bxc6 bxc6 18. Rd6 Be4 19. Nd4 Rac8 20. Rc1 Rxd6
21. exd6 Rd8 22. Re1 Nf6 23. Rxe4 Nxe4 24. Nxc6 Rd7 25. Nb8 Rd8 26. d7 Nf6 27.
Bc7 Rxd7 28. Nxd7 Nxd7 29. Kf1 f6 30. Ke2 Kf7 31. Kd3 Ke6 32. Kc4 a6 33. f4 f5
34. Kd4 g6 35. h4 h5 36. g3 b5 37. Be5 Nxe5 38. fxe5 b4 39. a3 bxa3 40. bxa3 a5
41. a4 Ke7 42. Kd5 Kd7 43. e6+ Ke7 44. Ke5 Ke8 45. Kf6 Kf8 46. Kxg6 Ke7 47.
Kxf5 {Black resigns} 1-0